00682 2200241 4500001002100000005001500021035002000036007000300056008004100059020001800100082000800118084001500126100002700141245009800168250001000266260003800276300002100314650003200335700001900367520003000386990001200416990001200428INLIS00000000000197320180521021530 a0010-0518000043ta180521 g 0 ind  a9789791273022 a297 a297 EGH s0 aEGHA, Zainur Ramadhani1 aSuper Health: Gaya Hidup Sehat Rasulullah /cEgha Zainur Ramadhani; penyunting, Yusuf Maulana acet.6 aYogyakarta :bPro-U Media,c2013 a238 hlm ;c20 cm aISLAM SEBAGAI PEDOMAN HIDUP0 aYUSUF, Maulana aBibliografi: hlm. 227-233 a16716 a a16716 b